00723nam a2200253 a 4500001001300000003000900013005001700022008004100039020001000080082001300090100001700103245004200120260004700162300000800209500003500217505001000252650001300262650003300275700001700308902000800325942000700333952011400340999001500454nice12345678IN_TiNIC20260116012351.0050524s1980 sina grp 000 0 eng  ac10000a266bHAO aHao, Yap Kim aIslam`s Challenge for Asian Churches. aSingapurbChristian Conference Indiac1980 a50p aincludes index and biblioraphy2 aIndex aMissions aIslam-Relations Christianity1 aHao, Yap Kim bSRS cBK 001040708StackRoom-aHMIbHMId2007-07-11g100.00l0o266 HAOp012937r2007-07-11v100.00w2005-05-24yBK c6729d6729